Sustainable Territorial Management (Record no. 31789)

MARC details
000 -LEADER
fixed length control field 00460nam a2200121Ia 4500
008 - FIXED-LENGTH DATA ELEMENTS--GENERAL INFORMATION
fixed length control field 220620s9999||||xx |||||||||||||| ||und||
100 ## - MAIN ENTRY--PERSONAL NAME
Personal name David Rodr´ıguez-Rodr´ıguez (Ed.)||Javier Mart´ınez-Vega (Ed.)
245 #0 - TITLE STATEMENT
Title Sustainable Territorial Management
546 ## - LANGUAGE NOTE
Language note English[eng]
650 ## - SUBJECT ADDED ENTRY--TOPICAL TERM
Topical term or geographic name entry element sustainable development||land use-land cover||biodiversity||territorial planning
856 ## - ELECTRONIC LOCATION AND ACCESS
Uniform Resource Identifier <a href="http://www.mdpi.com/books/pdfview/book/760">http://www.mdpi.com/books/pdfview/book/760</a>
942 ## - ADDED ENTRY ELEMENTS (KOHA)
Koha item type E-Books
Holdings
Withdrawn status Lost status Damaged status Not for loan Home library Current library Date acquired Total Checkouts Date last seen Price effective from Koha item type
        Kerala University of Digital Sciences, Innovation and Technology Knowledge Centre Kerala University of Digital Sciences, Innovation and Technology Knowledge Centre 20/06/2022   20/06/2022 20/06/2022 E-Books